| 000 | 00714nam a22002057a 4500 | ||
|---|---|---|---|
| 005 | 20250923113513.0 | ||
| 010 | _aENG-144416 | ||
| 020 |
_a9789385839559 _c895.00 |
||
| 035 | _aEN-127948 | ||
| 037 | _bDBAD | ||
| 082 |
_a306.0954164 _21st |
||
| 245 |
_aNagaland; _bVibrant Ethnic Communities In Transition Land, People,Livelihood/ _c By K.Jose SVD. |
||
| 250 | _a1 | ||
| 260 |
_a Delhi _bDVS Publications _c2021 |
||
| 270 |
_aWZ-33, Lane No-2, Shiv Nagar, New Delhi _bNew Delhi _e110058 _mdvspub@gmail.com _mdvspublisher@gmail.com |
||
| 300 |
_axii,156p _c22cm(Hb) |
||
| 490 | _vVol-2 | ||
| 700 |
_aK .Jose SVD And Kedilezo Kikhi _eEdited _979478 |
||
| 942 |
_2ddc _cEN _mNAG _h306.0954164 _e1st |
||
| 999 |
_c210649 _d210649 |
||